<?xml version="1.0" encoding="UTF-8"?>
<record
    xmlns:xsi="http://www.w3.org/2001/XMLSchema-instance"
    xsi:schemaLocation="http://www.loc.gov/MARC21/slim http://www.loc.gov/standards/marcxml/schema/MARC21slim.xsd"
    xmlns="http://www.loc.gov/MARC21/slim">

  <leader>02522cam a2200457Ma 4500</leader>
  <controlfield tag="001">ocn505118638</controlfield>
  <controlfield tag="003">OCoLC</controlfield>
  <controlfield tag="005">20210303085307.0</controlfield>
  <controlfield tag="006">m        d        </controlfield>
  <controlfield tag="007">cr cn|||||||||</controlfield>
  <controlfield tag="008">080522s2008    enka    ob    000 0 eng d</controlfield>
  <datafield tag="020" ind1=" " ind2=" ">
    <subfield code="a">9781846638916 (electronic bk.) :</subfield>
    <subfield code="c">&#xA3;57.99 ; &#x20AC; 84.94 ; &#x20AC; 84.94</subfield>
  </datafield>
  <datafield tag="020" ind1=" " ind2=" ">
    <subfield code="a">1846638917 (electronic bk.) :</subfield>
    <subfield code="c">&#xA3;57.99 ; &#x20AC; 84.94 ; &#x20AC; 84.94</subfield>
  </datafield>
  <datafield tag="020" ind1=" " ind2=" ">
    <subfield code="z">9781846638909 (hbk.)</subfield>
  </datafield>
  <datafield tag="040" ind1=" " ind2=" ">
    <subfield code="a">CaPaEBR</subfield>
    <subfield code="b">eng</subfield>
    <subfield code="c">UBY</subfield>
    <subfield code="d">OCLCQ</subfield>
    <subfield code="d">ZJC</subfield>
  </datafield>
  <datafield tag="050" ind1=" " ind2="4">
    <subfield code="a">H62</subfield>
    <subfield code="b">.A523 2008eb</subfield>
  </datafield>
  <datafield tag="072" ind1=" " ind2="7">
    <subfield code="a">JHBC</subfield>
    <subfield code="2">bicssc</subfield>
  </datafield>
  <datafield tag="072" ind1=" " ind2="7">
    <subfield code="a">SOC024000</subfield>
    <subfield code="2">bisacsh</subfield>
  </datafield>
  <datafield tag="072" ind1=" " ind2="7">
    <subfield code="a">SOC027000</subfield>
    <subfield code="2">bisacsh</subfield>
  </datafield>
  <datafield tag="080" ind1=" " ind2=" ">
    <subfield code="a">303</subfield>
  </datafield>
  <datafield tag="082" ind1="0" ind2="4">
    <subfield code="a">300.72/7</subfield>
    <subfield code="2">22</subfield>
  </datafield>
  <datafield tag="245" ind1="0" ind2="0">
    <subfield code="a">Access, a zone of comprehension and intrusion</subfield>
    <subfield code="h">[electronic resource] /</subfield>
    <subfield code="c">edited by Brinda Jegatheesan.</subfield>
  </datafield>
  <datafield tag="250" ind1=" " ind2=" ">
    <subfield code="a">1st ed.</subfield>
  </datafield>
  <datafield tag="260" ind1=" " ind2=" ">
    <subfield code="a">Bingley, UK :</subfield>
    <subfield code="b">Emerald JAI,</subfield>
    <subfield code="c">2008.</subfield>
  </datafield>
  <datafield tag="300" ind1=" " ind2=" ">
    <subfield code="a">1 online resource (vii, 192 p.) :</subfield>
    <subfield code="b">ill.</subfield>
  </datafield>
  <datafield tag="490" ind1="1" ind2=" ">
    <subfield code="a">Advances in program evaluation,</subfield>
    <subfield code="x">1474-7863 ;</subfield>
    <subfield code="v">v. 12</subfield>
  </datafield>
  <datafield tag="504" ind1=" " ind2=" ">
    <subfield code="a">Includes bibliographical references.</subfield>
  </datafield>
  <datafield tag="520" ind1=" " ind2=" ">
    <subfield code="a">This volume of "Advances for Program Evaluation" examines the nature and seriousness of fieldworkers' problems of failure to gain access, achieve comprehension, and avoid intrusion. To do all three, fieldworkers' need understanding and respect of the people from whom they seek data as well as be consciously and critically aware of staging field relationships knotted with tensions of estrangement, involvement, familiarity and distance. In the nine chapters of this volume, the authors speak of access to human subjects data, dealing with methods and concerns about intrusion. Attention is given to past and current practices of personalistic studies, particularly in education, and the need for improved protection of participants.</subfield>
  </datafield>
  <datafield tag="588" ind1=" " ind2=" ">
    <subfield code="a">Description based on print version record.</subfield>
  </datafield>
  <datafield tag="650" ind1=" " ind2="0">
    <subfield code="a">Social sciences</subfield>
    <subfield code="x">Research</subfield>
    <subfield code="x">Methodology.</subfield>
  </datafield>
  <datafield tag="650" ind1=" " ind2="0">
    <subfield code="a">Social sciences</subfield>
    <subfield code="x">Fieldwork</subfield>
    <subfield code="x">Methodology.</subfield>
  </datafield>
  <datafield tag="650" ind1=" " ind2="7">
    <subfield code="a">Social research &amp; statistics.</subfield>
    <subfield code="2">bicssc</subfield>
  </datafield>
  <datafield tag="650" ind1=" " ind2="7">
    <subfield code="a">Social Science</subfield>
    <subfield code="x">Research.</subfield>
    <subfield code="2">bisacsh</subfield>
  </datafield>
  <datafield tag="650" ind1=" " ind2="7">
    <subfield code="a">Social Science</subfield>
    <subfield code="x">Statistics.</subfield>
    <subfield code="2">bisacsh</subfield>
  </datafield>
  <datafield tag="655" ind1=" " ind2="7">
    <subfield code="a">Electronic books.</subfield>
    <subfield code="2">local</subfield>
  </datafield>
  <datafield tag="700" ind1="1" ind2=" ">
    <subfield code="a">Jegatheesan, Brinda.</subfield>
  </datafield>
  <datafield tag="776" ind1="0" ind2="8">
    <subfield code="i">Print version:</subfield>
    <subfield code="t">Access, a zone of comprehension and intrusion.</subfield>
    <subfield code="b">1st ed.</subfield>
    <subfield code="d">Bingley, UK : Emerald Jai, 2008</subfield>
    <subfield code="z">9781846638909</subfield>
    <subfield code="w">(OCoLC)229021426</subfield>
  </datafield>
  <datafield tag="830" ind1=" " ind2="0">
    <subfield code="a">Advances in program evaluation ;</subfield>
    <subfield code="v">v. 12.</subfield>
  </datafield>
  <datafield tag="856" ind1="4" ind2="0">
    <subfield code="u">https://www.emerald.com/insight/publication/doi/10.1016/S1474-7863(2008)12</subfield>
  </datafield>
  <datafield tag="913" ind1=" " ind2=" ">
    <subfield code="1">SSbacklist</subfield>
  </datafield>
  <datafield tag="999" ind1=" " ind2=" ">
    <subfield code="c">31513</subfield>
    <subfield code="d">31513</subfield>
  </datafield>
  <datafield tag="952" ind1=" " ind2=" ">
    <subfield code="0">0</subfield>
    <subfield code="1">0</subfield>
    <subfield code="2">lcc</subfield>
    <subfield code="4">0</subfield>
    <subfield code="7">0</subfield>
    <subfield code="a">DL</subfield>
    <subfield code="b">DL</subfield>
    <subfield code="c">OA</subfield>
    <subfield code="d">2021-03-03</subfield>
    <subfield code="l">0</subfield>
    <subfield code="o">H62 .A523 2008eb</subfield>
    <subfield code="r">2021-03-03</subfield>
    <subfield code="u">https://www.emerald.com/insight/publication/doi/10.1016/S1474-7863(2008)12</subfield>
    <subfield code="w">2021-03-03</subfield>
    <subfield code="y">EBOOK</subfield>
  </datafield>
</record>
